000
00368nam a2200145Ia 4500
008
231129s2009||||xx |||||||||||||| ||spa||
020
_a
978-958-35-0746-5
040
_b
spa
082
_a
305.8 Y95p
100
_a
Yunis Turbay Emilio
245
0
_a
¿Por qué somos así?
260
_c
2009
264
_a
Temis
942
_2
ddc
_c
BKS
999
_c
1008
_d
1008